<?xml version="1.0" encoding="UTF-8"?>
<record
    xmlns:xsi="http://www.w3.org/2001/XMLSchema-instance"
    xsi:schemaLocation="http://www.loc.gov/MARC21/slim http://www.loc.gov/standards/marcxml/schema/MARC21slim.xsd"
    xmlns="http://www.loc.gov/MARC21/slim">

  <leader>00713nam a22001577a 4500</leader>
  <controlfield tag="003">OSt</controlfield>
  <controlfield tag="005">20160922153751.0</controlfield>
  <controlfield tag="008">160922b        xxu||||| |||| 00| 0 eng d</controlfield>
  <datafield tag="040" ind1=" " ind2=" ">
    <subfield code="c">RUA</subfield>
  </datafield>
  <datafield tag="082" ind1=" " ind2=" ">
    <subfield code="a">MGR NEA 2004 B388 Or.</subfield>
  </datafield>
  <datafield tag="100" ind1=" " ind2=" ">
    <subfield code="9">10637</subfield>
    <subfield code="a">NEANG SOKHORN; &#x1793;&#x17B6;&#x1784; &#x179F;&#x17BB;&#x1783;&#x1793;</subfield>
  </datafield>
  <datafield tag="245" ind1=" " ind2=" ">
    <subfield code="a">Effect of fermented rice bran on growth rate of chicken and faecal indigenous microflora; &#x17A5;&#x1791;&#x17D2;&#x1792;&#x17B7;&#x1796;&#x179B;&#x179B;&#x17D2;&#x1794;&#x17BE;&#x1784;&#x1780;&#x1793;&#x17D2;&#x1791;&#x1780;&#x17CB; &#x179B;&#x17BE;&#x1780;&#x17B6;&#x179A;&#x179B;&#x17BC;&#x178F;&#x179B;&#x17B6;&#x179F;&#x17CB;&#x179A;&#x1794;&#x179F;&#x17CB;&#x1798;&#x17B6;&#x1793;&#x17CB;&#x179F;&#x17B6;&#x1785;&#x17CB; &#x1793;&#x17B7;&#x1784;&#x179C;&#x178F;&#x17D2;&#x178F;&#x1798;&#x17B6;&#x1793; &#x1798;&#x17B8;&#x1780;&#x17D2;&#x179A;&#x17BC;&#x179F;&#x17B6;&#x179A;&#x1796;&#x17B6;&#x1784;&#x17D2;&#x1782;&#x1780;&#x17B6;&#x1799;&#x1780;&#x17D2;&#x1793;&#x17BB;&#x1784;&#x179B;&#x17B6;&#x1798;&#x1780;</subfield>
  </datafield>
  <datafield tag="260" ind1=" " ind2=" ">
    <subfield code="a">RUA</subfield>
    <subfield code="b">Phnom Penh</subfield>
    <subfield code="c">2004</subfield>
  </datafield>
  <datafield tag="300" ind1=" " ind2=" ">
    <subfield code="a">61p.</subfield>
    <subfield code="b">ill.</subfield>
    <subfield code="c">29cm.</subfield>
  </datafield>
  <datafield tag="942" ind1=" " ind2=" ">
    <subfield code="2">ddc</subfield>
    <subfield code="c">NRM</subfield>
  </datafield>
  <datafield tag="999" ind1=" " ind2=" ">
    <subfield code="c">10232</subfield>
    <subfield code="d">10232</subfield>
  </datafield>
  <datafield tag="952" ind1=" " ind2=" ">
    <subfield code="0">0</subfield>
    <subfield code="1">0</subfield>
    <subfield code="2">ddc</subfield>
    <subfield code="4">0</subfield>
    <subfield code="6">MGR_NEA_2004_000000000000000_B388_OR_1</subfield>
    <subfield code="7">0</subfield>
    <subfield code="9">52733</subfield>
    <subfield code="a">LBB</subfield>
    <subfield code="b">LBB</subfield>
    <subfield code="d">2016-09-22</subfield>
    <subfield code="o">MGR NEA 2004 B388 Or.1</subfield>
    <subfield code="p">A01558</subfield>
    <subfield code="r">2016-09-22</subfield>
    <subfield code="w">2016-09-22</subfield>
    <subfield code="y">NRM</subfield>
  </datafield>
  <datafield tag="952" ind1=" " ind2=" ">
    <subfield code="0">0</subfield>
    <subfield code="1">0</subfield>
    <subfield code="2">ddc</subfield>
    <subfield code="4">0</subfield>
    <subfield code="6">MGR_NEA_2004_000000000000000_B388_OR_2</subfield>
    <subfield code="7">0</subfield>
    <subfield code="9">52735</subfield>
    <subfield code="a">LBB</subfield>
    <subfield code="b">LBB</subfield>
    <subfield code="d">2016-09-22</subfield>
    <subfield code="o">MGR NEA 2004 B388 Or.2</subfield>
    <subfield code="p">A00205</subfield>
    <subfield code="r">2016-09-22</subfield>
    <subfield code="w">2016-09-22</subfield>
    <subfield code="y">NRM</subfield>
  </datafield>
  <datafield tag="952" ind1=" " ind2=" ">
    <subfield code="0">0</subfield>
    <subfield code="1">0</subfield>
    <subfield code="2">ddc</subfield>
    <subfield code="4">0</subfield>
    <subfield code="6">MGR_NEA_2004_000000000000000_B388_OR_3</subfield>
    <subfield code="7">0</subfield>
    <subfield code="9">52736</subfield>
    <subfield code="a">LBB</subfield>
    <subfield code="b">LBB</subfield>
    <subfield code="d">2016-09-22</subfield>
    <subfield code="o">MGR NEA 2004 B388 Or.3</subfield>
    <subfield code="p">A00639</subfield>
    <subfield code="r">2016-09-22</subfield>
    <subfield code="w">2016-09-22</subfield>
    <subfield code="y">NRM</subfield>
  </datafield>
  <datafield tag="952" ind1=" " ind2=" ">
    <subfield code="0">0</subfield>
    <subfield code="1">0</subfield>
    <subfield code="2">ddc</subfield>
    <subfield code="4">0</subfield>
    <subfield code="6">MGR_NEA_2004_000000000000000_B388_OR_4</subfield>
    <subfield code="7">0</subfield>
    <subfield code="9">52737</subfield>
    <subfield code="a">LBB</subfield>
    <subfield code="b">LBB</subfield>
    <subfield code="d">2016-09-22</subfield>
    <subfield code="o">MGR NEA 2004 B388 Or.4</subfield>
    <subfield code="p">A00705</subfield>
    <subfield code="r">2016-09-22</subfield>
    <subfield code="w">2016-09-22</subfield>
    <subfield code="y">NRM</subfield>
  </datafield>
  <datafield tag="952" ind1=" " ind2=" ">
    <subfield code="0">0</subfield>
    <subfield code="1">0</subfield>
    <subfield code="2">ddc</subfield>
    <subfield code="4">0</subfield>
    <subfield code="6">MGR_NEA_2004_000000000000000_B388_OR_5</subfield>
    <subfield code="7">0</subfield>
    <subfield code="9">52738</subfield>
    <subfield code="a">LBB</subfield>
    <subfield code="b">LBB</subfield>
    <subfield code="d">2016-09-22</subfield>
    <subfield code="o">MGR NEA 2004 B388 Or.5</subfield>
    <subfield code="p">A00563</subfield>
    <subfield code="r">2016-09-22</subfield>
    <subfield code="w">2016-09-22</subfield>
    <subfield code="y">NRM</subfield>
  </datafield>
  <datafield tag="952" ind1=" " ind2=" ">
    <subfield code="0">0</subfield>
    <subfield code="1">0</subfield>
    <subfield code="2">ddc</subfield>
    <subfield code="4">0</subfield>
    <subfield code="6">MGR_NEA_2004_000000000000000_B388_OR_6</subfield>
    <subfield code="7">0</subfield>
    <subfield code="9">52739</subfield>
    <subfield code="a">LBB</subfield>
    <subfield code="b">LBB</subfield>
    <subfield code="d">2016-09-22</subfield>
    <subfield code="o">MGR NEA 2004 B388 Or.6</subfield>
    <subfield code="p">A02861</subfield>
    <subfield code="r">2016-09-22</subfield>
    <subfield code="w">2016-09-22</subfield>
    <subfield code="y">NRM</subfield>
  </datafield>
  <datafield tag="952" ind1=" " ind2=" ">
    <subfield code="0">0</subfield>
    <subfield code="1">0</subfield>
    <subfield code="2">ddc</subfield>
    <subfield code="4">0</subfield>
    <subfield code="6">MGR_NEA_2004_000000000000000_B388_OR_7</subfield>
    <subfield code="7">0</subfield>
    <subfield code="9">52740</subfield>
    <subfield code="a">LBB</subfield>
    <subfield code="b">LBB</subfield>
    <subfield code="d">2016-09-22</subfield>
    <subfield code="o">MGR NEA 2004 B388 Or.7</subfield>
    <subfield code="p">A00855</subfield>
    <subfield code="r">2016-09-22</subfield>
    <subfield code="w">2016-09-22</subfield>
    <subfield code="y">NRM</subfield>
  </datafield>
  <datafield tag="952" ind1=" " ind2=" ">
    <subfield code="0">0</subfield>
    <subfield code="1">0</subfield>
    <subfield code="2">ddc</subfield>
    <subfield code="4">0</subfield>
    <subfield code="6">MGR_NEA_2004_000000000000000_B388_OR_8</subfield>
    <subfield code="7">0</subfield>
    <subfield code="9">52742</subfield>
    <subfield code="a">LBB</subfield>
    <subfield code="b">LBB</subfield>
    <subfield code="d">2016-09-22</subfield>
    <subfield code="o">MGR NEA 2004 B388 Or.8</subfield>
    <subfield code="p">A01838</subfield>
    <subfield code="r">2016-09-22</subfield>
    <subfield code="w">2016-09-22</subfield>
    <subfield code="y">NRM</subfield>
  </datafield>
  <datafield tag="952" ind1=" " ind2=" ">
    <subfield code="0">0</subfield>
    <subfield code="1">0</subfield>
    <subfield code="2">ddc</subfield>
    <subfield code="4">0</subfield>
    <subfield code="6">MGR_NEA_2004_000000000000000_B388_OR_9</subfield>
    <subfield code="7">0</subfield>
    <subfield code="9">52743</subfield>
    <subfield code="a">LBB</subfield>
    <subfield code="b">LBB</subfield>
    <subfield code="d">2016-09-22</subfield>
    <subfield code="o">MGR NEA 2004 B388 Or.9</subfield>
    <subfield code="p">A00869</subfield>
    <subfield code="r">2016-09-22</subfield>
    <subfield code="w">2016-09-22</subfield>
    <subfield code="y">NRM</subfield>
  </datafield>
  <datafield tag="952" ind1=" " ind2=" ">
    <subfield code="0">0</subfield>
    <subfield code="1">0</subfield>
    <subfield code="2">ddc</subfield>
    <subfield code="4">0</subfield>
    <subfield code="6">MGR_NEA_2004_000000000000000_B388_OR_10</subfield>
    <subfield code="7">0</subfield>
    <subfield code="9">52744</subfield>
    <subfield code="a">LBB</subfield>
    <subfield code="b">LBB</subfield>
    <subfield code="d">2016-09-22</subfield>
    <subfield code="o">MGR NEA 2004 B388 Or.10</subfield>
    <subfield code="p">A02722</subfield>
    <subfield code="r">2016-09-22</subfield>
    <subfield code="w">2016-09-22</subfield>
    <subfield code="y">NRM</subfield>
  </datafield>
  <datafield tag="952" ind1=" " ind2=" ">
    <subfield code="0">0</subfield>
    <subfield code="1">0</subfield>
    <subfield code="2">ddc</subfield>
    <subfield code="4">0</subfield>
    <subfield code="6">MGR_NEA_2004_000000000000000_B388_OR_11</subfield>
    <subfield code="7">0</subfield>
    <subfield code="9">52745</subfield>
    <subfield code="a">LBB</subfield>
    <subfield code="b">LBB</subfield>
    <subfield code="d">2016-09-22</subfield>
    <subfield code="o">MGR NEA 2004 B388 Or.11</subfield>
    <subfield code="p">A00671</subfield>
    <subfield code="r">2016-09-22</subfield>
    <subfield code="w">2016-09-22</subfield>
    <subfield code="y">NRM</subfield>
  </datafield>
  <datafield tag="952" ind1=" " ind2=" ">
    <subfield code="0">0</subfield>
    <subfield code="1">0</subfield>
    <subfield code="2">ddc</subfield>
    <subfield code="4">0</subfield>
    <subfield code="6">MGR_NEA_2004_000000000000000_B388_OR_12</subfield>
    <subfield code="7">0</subfield>
    <subfield code="9">52746</subfield>
    <subfield code="a">LBB</subfield>
    <subfield code="b">LBB</subfield>
    <subfield code="d">2016-09-22</subfield>
    <subfield code="o">MGR NEA 2004 B388 Or.12</subfield>
    <subfield code="p">RUA062046</subfield>
    <subfield code="r">2016-09-22</subfield>
    <subfield code="w">2016-09-22</subfield>
    <subfield code="y">NRM</subfield>
  </datafield>
  <datafield tag="952" ind1=" " ind2=" ">
    <subfield code="0">0</subfield>
    <subfield code="1">0</subfield>
    <subfield code="2">ddc</subfield>
    <subfield code="4">0</subfield>
    <subfield code="6">MGR_NEA_2004_000000000000000_B388_OR_13</subfield>
    <subfield code="7">0</subfield>
    <subfield code="9">52747</subfield>
    <subfield code="a">LBB</subfield>
    <subfield code="b">LBB</subfield>
    <subfield code="d">2016-09-22</subfield>
    <subfield code="l">1</subfield>
    <subfield code="o">MGR NEA 2004 B388 Or.13</subfield>
    <subfield code="p">A00824</subfield>
    <subfield code="r">2017-08-17</subfield>
    <subfield code="s">2017-08-16</subfield>
    <subfield code="w">2016-09-22</subfield>
    <subfield code="y">NRM</subfield>
  </datafield>
  <datafield tag="952" ind1=" " ind2=" ">
    <subfield code="0">0</subfield>
    <subfield code="1">0</subfield>
    <subfield code="2">ddc</subfield>
    <subfield code="4">0</subfield>
    <subfield code="6">MGR_NEA_2004_000000000000000_B388_OR_14</subfield>
    <subfield code="7">0</subfield>
    <subfield code="9">52749</subfield>
    <subfield code="a">LBB</subfield>
    <subfield code="b">LBB</subfield>
    <subfield code="d">2016-09-22</subfield>
    <subfield code="o">MGR NEA 2004 B388 Or.14</subfield>
    <subfield code="p">RUA061848</subfield>
    <subfield code="r">2016-09-22</subfield>
    <subfield code="w">2016-09-22</subfield>
    <subfield code="y">NRM</subfield>
  </datafield>
</record>
